00501nas a22001577a 4500008004100000110004000041245003900081260008800120300000700208590001400215590004400229653001900273856002400292942001200316999001500328130920e20139999ag ||||| |||| 00| 0 spa d aInstituto Nacional del Cancer9260500aBoletin INC, Cancer y Comunicacion aBuenos AiresbInstituto Nacional del CancerbMinisterio de Salud de la Nacionc2013 av. aespañol aExistencias: 2013 3(10); 2014 4(15,16,) aCANCER-BOLETIN uwww.msal.gov.ar/inc 2ddccCR c1647d1647